Statistiken für Die größten Inseln Griechenlands

Klicken Sie hier um das Quiz zu spielen!

Allgemein

  • Dieses Quiz wurde 181 mal gespielt
  • Das Durchschnittsergebnis liegt bei 7 aus 20

Antwortstatistiken

#≈ Fläche (km²)Insel% Korrekt
18.331Kreta
97%
41.401Rhodos
85%
7585Korfu
66%
31.636Lesbos
63%
16288Kos
59%
11389Naxos
51%
8478Samos
42%
10407Zakynthos
42%
23.662Euböa
38%
6734Kefalonia
31%
12384Thasos
29%
5843Chios
24%
15300Karpathos
24%
9476Limnos
21%
14301Lefkada
17%
13383Andros
16%
20197Tinos
11%
18255Ikaria
9%
17278Kythira
5%
19209Skyros
5%

Verteilung der Resultate

Perzentil nach korrekt beantworteten Fragen

Anzahl Personen mit jedem Resultat

Ihre Resultats-Entwicklung

Sie haben dieses Quiz noch nicht gespielt